[Event "Prostejov op"]
[Site "Prostejov"]
[Date "2023.12.29"]
[Round "3"]
[White "Sysr, Pavel"]
[Black "Klimecky, Tomas"]
[Result "1-0"]
[WhiteElo "1610"]
[BlackElo "1059"]
[PlyCount "91"]
[EventDate "2023.12.28"]
[EventType "swiss"]
[EventRounds "7"]
[EventCountry "CZE"]
[SourceTitle "CB02_2024"]
[SourceDate "2024.01.10"]
[SourceVersion "1"]
[SourceVersionDate "2024.01.10"]
[SourceQuality "1"]

1. d4 d5 2. c4 c6 3. e3 Nf6 4. Nf3 e6 5. a3 Nbd7 6. b3 Be7 7. Bd3 dxc4 8. bxc4 c5 9. 0-0 cxd4 10. exd4 b6 11. Nc3 Bb7 12. Bb2 Bxf3 13. Qxf3 0-0 14. Rfe1 Bd6 15. Ne4 Nxe4 16. Bxe4 Rc8 17. Bd3 Qf6 18. Qh3 g6 19. Re2 Rfe8 20. Rae1 Qd8 21. g3 Bf8 22. f4 Bg7 23. Rd2 Qc7 24. Red1 Nf6 25. Qg2 Qc6 26. Qxc6 Rxc6 27. Rc1 Rd8 28. Kg2 Rdc8 29. Rdc2 Ng4 30. Re2 Rd8 31. Be4 Rc7 32. h3 Nf6 33. Bb1 Ne8 34. Rd2 Nd6 35. Rdc2 Ne4 36. Kf3 Nd6 37. g4 f5 38. Ba2 Kf7 39. d5 Bxb2 40. dxe6+ Kxe6 41. c5+ Kd7 42. cxd6 Rxc2 43. Rxc2 Bxa3 44. Rc7+ Kxd6 45. Rxa7 Rd7 46. Rxa3 1-0